Google-Jahresrückblick 2024 (Musiker) - Statistiken

Allgemein
  • Dieses Quiz wurde 81 mal gespielt
  • Das Durchschnittsergebnis liegt bei 4 aus 10
Antwortstatistiken
# Songs Hinweis Musiker % Korrekt
3 Hello, Rolling in the Deep Adele
89%
1 I Can Do It with a Broken Heart, Fortnight Taylor Swift
64%
2 Heavy Is the Crown, The Emptiness Machine Band Linkin Park
61%
4 Europapa, Friesenjung Joost Klein
60%
7 Best Song Ever, Drag Me Down Band One Direction
51%
5 Two Faced, The Emptiness Machine Leadsängerineiner Band Emily Armstrong
25%
10 Valentin, What A Wonderful World Viele seiner Verwandten sind bzw. waren ebenfalls Musiker Gabriel Kelly
17%
8 Friends, I Believe Kamrad
13%
9 Daylight in Your Eyes, There Must Be an Angel Bekannter als Mitglied einer Band Lucy Diakovska
10%
6 Sucht, Vorbei eher als YouTuber bekannt Mois
3%
Keine übereinstimmenden Quizze gefunden
Verteilung der Resultate
Anzahl Personen mit jedem Resultat
Perzentil nach korrekt beantworteten Fragen
Ihre Resultats-Entwicklung
Sie haben dieses Quiz noch nicht gespielt